[Event "Riadh Rapid op"]
[Site "Riadh"]
[Date "2023.03.18"]
[Round "6"]
[White "Wafa, Shahenda"]
[Black "Al Abdali, Zeyad Saleh"]
[Result "1-0"]
[WhiteElo "2098"]
[BlackElo "1749"]
[PlyCount "121"]
[EventDate "2023.03.17"]
[EventType "swiss (rapid)"]
[EventRounds "9"]
[EventCountry "SAU"]
[SourceTitle "CBM 213 Extra"]
[Source "ChessBase"]
[SourceDate "2023.05.31"]
[SourceVersion "1"]
[SourceVersionDate "2023.05.31"]
[SourceQuality "1"]

1. d4 Nf6 2. e3 g6 3. Nf3 Bg7 4. Be2 0-0 5. 0-0 d6 6. c4 Nbd7 7. Nbd2 e5 8. d5 a5 9. Ne1 Nc5 10. Nb3 b6 11. Nxc5 bxc5 12. Bd2 Ne4 13. Qc2 Nxd2 14. Qxd2 f5 15. Nc2 e4 16. Na3 Be5 17. Nb5 Rf7 18. a4 f4 19. exf4 Bxf4 20. Qc2 Bf5 21. Qc3 Be5 22. Qd2 Qf6 23. Ra2 h5 24. f3 exf3 25. Bxf3 Qh4 26. g3 Qxc4 27. b3 Qxb3 28. Ra3 Qb4 29. Qg5 Bf6 30. Qe3 Bd4 31. Nxd4 cxd4 32. Qb3 Rb8 33. Qxb4 axb4 34. Rb3 Bc2 35. Rb2 b3 36. Kg2 Ra8 37. Ra1 Raf8 38. Rf1 Rxf3 39. Rxf3 Be4 40. Rbxb3 Bxd5 41. Ra3 c5 42. Kf2 Bxf3 43. Rxf3 Ra8 44. Rf6 Kg7 45. Rxd6 Rxa4 46. Kf3 Ra2 47. h4 Ra3+ 48. Kf4 Ra7 49. Rc6 Rf7+ 50. Ke4 Re7+ 51. Kf4 Rd7 52. Rxc5 d3 53. Rc1 d2 54. Rd1 Kf6 55. Ke3 Kf5 56. Kf3 Rd3+ 57. Ke2 Ke4 58. Kf2 Rd5 59. Ke2 Rd4 60. Kf2 Kd3 61. Ra1 1-0

[Event "Riadh Rapid op"]
[Site "Riadh"]
[Date "2023.03.17"]
[Round "5"]
[White "Al Mutairi, Hassan S"]
[Black "Al Abdali, Zeyad Saleh"]
[Result "0-1"]
[WhiteElo "1892"]
[BlackElo "1749"]
[PlyCount "133"]
[EventDate "2023.03.17"]
[EventType "swiss (rapid)"]
[EventRounds "9"]
[EventCountry "SAU"]
[SourceTitle "CBM 213 Extra"]
[Source "ChessBase"]
[SourceDate "2023.05.31"]
[SourceVersion "1"]
[SourceVersionDate "2023.05.31"]
[SourceQuality "1"]

1. d4 Nf6 2. Bf4 c5 3. d5 e6 4. c4 exd5 5. cxd5 d6 6. Nc3 g6 7. h3 Bg7 8. Nf3 a6 9. a4 0-0 10. e3 Re8 11. Be2 Qb6 12. Qc1 Ne4 13. a5 Qb4 14. 0-0 Nxc3 15. bxc3 Qxc3 16. Qa3 Qxa3 17. Rxa3 Bf8 18. Nd2 Nd7 19. Rb1 Ne5 20. Bxe5 Rxe5 21. Nc4 Re8 22. Rb6 Rd8 23. e4 f6 24. g4 Be7 25. Kg2 Bf8 26. f4 f5 27. gxf5 gxf5 28. Rg3+ Kh8 29. Bd3 fxe4 30. Bxe4 Re8 31. Kf3 Rd8 32. f5 Be7 33. Kf4 h6 34. Rg6 Bg5+ 35. Kg4 Be7 36. Rxh6+ Kg7 37. Rg6+ Kf7 38. h4 Rb8 39. h5 Rd7 40. h6 Rd8 41. Rg7+ Kf6 42. Rg6+ Kf7 43. Kf4 Rg8 44. h7 Rh8 45. f6 Bf8 46. Rxd6 Rxh7 47. Kg5 Bxd6 48. Nxd6+ Kf8 49. Nc4 Bd7 50. d6 Be8 51. Rh6 Rxh6 52. Kxh6 Kf7 53. Kg5 Bb5 54. Ne5+ Ke6 55. Ng6 Rg8 56. Kh6 Kxf6 57. Ne7 Rh8+ 58. Bh7 Ke6 59. Kg7 Rxh7+ 60. Kxh7 Kxd6 61. Nc8+ Kc6 62. Kg6 c4 63. Kf5 Kd5 64. Kf4 Kd4 65. Nd6 c3 66. Nxb7 c2 67. Nc5 0-1

[Event "Arab-ch"]
[Site "Khartoum"]
[Date "2023.03.03"]
[Round "7"]
[White "Al Abdali, Zeyad Saleh"]
[Black "Alhejab, Meshal"]
[Result "0-1"]
[WhiteElo "1749"]
[BlackElo "1906"]
[PlyCount "88"]
[EventDate "2023.02.26"]
[EventType "swiss"]
[EventRounds "9"]
[EventCountry "SUD"]
[SourceTitle "CBM 213 Extra"]
[Source "ChessBase"]
[SourceDate "2023.05.31"]
[SourceVersion "1"]
[SourceVersionDate "2023.05.31"]
[SourceQuality "1"]

1. d4 Nf6 2. c4 e6 3. Nf3 d5 4. Nc3 Bb4 5. Qa4+ Nc6 6. a3 Bxc3+ 7. bxc3 Ne4 8. Qc2 0-0 9. e3 Ne7 10. Bd3 f5 11. 0-0 b6 12. cxd5 exd5 13. a4 a5 14. c4 Ba6 15. cxd5 Bxd3 16. Qxd3 Qxd5 17. Ba3 c5 18. Rfc1 Nc6 19. Qc4 Qxc4 20. Rxc4 Nb4 21. h3 g5 22. Ne5 Rfd8 23. dxc5 bxc5 24. f3 Nd2 25. Rc3 Rd5 26. Nc4 Nxc4 27. Rxc4 Rad8 28. e4 fxe4 29. fxe4 Rd2 30. Rxc5 h6 31. Bxb4 axb4 32. Rb5 Rb2 33. Rc1 Rdd2 34. Rc8+ Kf7 35. Rc7+ Kg6 36. a5 Rxg2+ 37. Kf1 Rh2 38. Kg1 Rhd2 39. Rc1 Kh5 40. a6 Kh4 41. a7 Kg3 42. a8Q Rg2+ 43. Kh1 Rh2+ 44. Kg1 Rbg2+ 0-1

[Event "Gulf-ch Amateur"]
[Site "Kuwait"]
[Date "2019.10.26"]
[Round "6"]
[White "Al Abdali, Zeyad Saleh"]
[Black "Btain, Abdulaziz1111"]
[Result "1-0"]
[WhiteElo "1773"]
[BlackElo "1106"]
[PlyCount "65"]
[EventDate "2019.10.21"]
[EventType "swiss"]
[EventRounds "9"]
[EventCountry "KUW"]
[SourceTitle "CBM 195 Extra"]
[Source "ChessBase"]
[SourceDate "2020.05.31"]
[SourceVersion "1"]
[SourceVersionDate "2020.05.31"]
[SourceQuality "1"]

1. d4 Nf6 2. Nf3 g6 3. Bf4 Bg7 4. e3 d6 5. h3 0-0 6. c4 c5 7. Nc3 cxd4 8. exd4 Nc6 9. Be2 Nh5 10. Be3 h6 11. Qd2 Kh7 12. g4 Nf6 13. g5 Nd7 14. gxh6 Bf6 15. h4 e5 16. h5 exd4 17. hxg6+ fxg6 18. Nxd4 Nxd4 19. Bxd4 Ne5 20. 0-0-0 Bf5 21. Nd5 Bh8 22. f4 Nd7 23. Bg7 Rf7 24. Bd3 Nc5 25. Bxf5 Rxf5 26. Rde1 Rc8 27. Bxh8 Qxh8 28. Re7+ Kg8 29. Rg7+ Kf8 30. Ne7 Rxf4 31. Qxf4+ Ke8 32. Qf7+ Kd7 33. Nxg6+ 1-0

[Event "Wch Blitz"]
[Site "Riadh"]
[Date "2017.12.30"]
[Round "20"]
[White "Al Abdali, Zeyad Saleh"]
[Black "Al Jabri, Mohammed Ali"]
[Result "0-1"]
[WhiteElo "1801"]
[BlackElo "2154"]
[PlyCount "62"]
[EventDate "2017.12.29"]
[EventType "swiss (blitz)"]
[EventRounds "21"]
[EventCountry "SAU"]
[SourceTitle "CBM 182 Extra"]
[Source "ChessBase"]
[SourceDate "2018.02.23"]
[SourceVersion "1"]
[SourceVersionDate "2018.02.23"]
[SourceQuality "1"]

1. d4 d5 2. Nf3 Bf5 3. c4 e6 4. Nc3 c6 5. Bf4 Nf6 6. h3 h6 7. e3 Bd6 8. Ne5 0-0 9. Qb3 b6 10. Be2 Re8 11. 0-0 Be7 12. Rac1 Nfd7 13. cxd5 exd5 14. Rfe1 Nxe5 15. Bxe5 Nd7 16. Bg3 Nf6 17. Bf3 Bd6 18. Bh4 Be7 19. Ne2 Qd7 20. Bg3 Ne4 21. Bh2 Nd2 22. Qd1 Nxf3+ 23. gxf3 Bxh3 24. Ng3 Bd6 25. e4 Bf4 26. Rc3 Rad8 27. Ne2 Bxh2+ 28. Kxh2 Be6 29. Rg1 Qe7 30. Qf1 Qh4+ 31. Kg2 Qh3# 0-1

[Event "Wch Blitz"]
[Site "Riadh"]
[Date "2017.12.29"]
[Round "10"]
[White "Al Abdali, Zeyad Saleh"]
[Black "Alem, Ali Hussien"]
[Result "1-0"]
[WhiteElo "1801"]
[BlackElo "1745"]
[PlyCount "51"]
[EventDate "2017.12.29"]
[EventType "swiss (blitz)"]
[EventRounds "21"]
[EventCountry "SAU"]
[SourceTitle "CBM 182 Extra"]
[Source "ChessBase"]
[SourceDate "2018.02.23"]
[SourceVersion "1"]
[SourceVersionDate "2018.02.23"]
[SourceQuality "1"]

1. d4 Nf6 2. Nf3 d5 3. c4 dxc4 4. Nc3 a6 5. a4 c6 6. e3 b5 7. axb5 cxb5 8. Nxb5 Bb7 9. Nc3 e6 10. Bxc4 Bb4 11. 0-0 0-0 12. Qb3 Bxf3 13. Qxb4 Bd5 14. Nxd5 exd5 15. Bd3 a5 16. Qc3 Re8 17. Bd2 a4 18. b3 a3 19. Ra2 Qd7 20. b4 Qd6 21. h3 Nbd7 22. Rxa3 Rxa3 23. Qxa3 g6 24. Ra1 Ne4 25. Bxe4 Rxe4 26. Qa6 1-0

[Event "Wch Blitz"]
[Site "Riadh"]
[Date "2017.12.29"]
[Round "9"]
[White "Al Zamel, Khaled"]
[Black "Al Abdali, Zeyad Saleh"]
[Result "1-0"]
[WhiteElo "1942"]
[BlackElo "1801"]
[PlyCount "55"]
[EventDate "2017.12.29"]
[EventType "swiss (blitz)"]
[EventRounds "21"]
[EventCountry "SAU"]
[SourceTitle "CBM 182 Extra"]
[Source "ChessBase"]
[SourceDate "2018.02.23"]
[SourceVersion "1"]
[SourceVersionDate "2018.02.23"]
[SourceQuality "1"]

1. e4 e5 2. Nf3 d5 3. Nc3 d4 4. Ne2 Nd7 5. Ng3 Ngf6 6. Bb5 c6 7. Bc4 b5 8. Bb3 h6 9. a3 Bb7 10. d3 Be7 11. 0-0 0-0 12. Nf5 Re8 13. N3h4 Bf8 14. Ng6 c5 15. Nxf8 Nxf8 16. Qf3 Qd7 17. Qg3 Ng6 18. Qxg6 Qxf5 19. Bxf7+ Kf8 20. exf5 Re7 21. Be6 e4 22. Re1 Rd8 23. Bxh6 Ng8 24. Bg5 Rxe6 25. Qxe6 Nf6 26. Bxf6 gxf6 27. Qxf6+ Kg8 28. Qxd8+ 1-0

[Event "Wch Blitz"]
[Site "Riadh"]
[Date "2017.12.29"]
[Round "2"]
[White "Ibrahimov, Rasul"]
[Black "Al Abdali, Zeyad Saleh"]
[Result "1-0"]
[WhiteElo "2518"]
[BlackElo "1801"]
[PlyCount "77"]
[EventDate "2017.12.29"]
[EventType "swiss (blitz)"]
[EventRounds "21"]
[EventCountry "SAU"]
[SourceTitle "CBM 182 Extra"]
[Source "ChessBase"]
[SourceDate "2018.02.23"]
[SourceVersion "1"]
[SourceVersionDate "2018.02.23"]
[SourceQuality "1"]

1. Nf3 d5 2. c4 c6 3. e3 Nf6 4. Nc3 Bg4 5. cxd5 cxd5 6. Qb3 Bxf3 7. Qxb7 Nbd7 8. gxf3 e6 9. d4 Qc8 10. Qxc8+ Rxc8 11. Ba6 Rc6 12. Bb5 Rb6 13. Ba4 Bb4 14. Bd2 0-0 15. Ke2 e5 16. Bxd7 Nxd7 17. Nxd5 Bxd2 18. Nxb6 Nxb6 19. Kxd2 exd4 20. exd4 Rd8 21. Kd3 Nd5 22. Rac1 f5 23. Rc5 g6 24. Rhc1 Nf4+ 25. Ke3 Ng2+ 26. Kd3 Kg7 27. Rc7+ Kh6 28. R1c4 Ne1+ 29. Ke2 Re8+ 30. Kf1 Nxf3 31. Kg2 Ne1+ 32. Kg3 Re4 33. d5 f4+ 34. Kg4 Re5 35. d6 Nd3 36. Rd4 Rg5+ 37. Kf3 Ne5+ 38. Kxf4 Ng4 39. h4 1-0

[Event "Wch Blitz"]
[Site "Riadh"]
[Date "2017.12.29"]
[Round "6"]
[White "Miswadah, Baha"]
[Black "Al Abdali, Zeyad Saleh"]
[Result "1-0"]
[WhiteElo "1877"]
[BlackElo "1801"]
[PlyCount "29"]
[EventDate "2017.12.29"]
[EventType "swiss (blitz)"]
[EventRounds "21"]
[EventCountry "SAU"]
[SourceTitle "CBM 182 Extra"]
[Source "ChessBase"]
[SourceDate "2018.02.23"]
[SourceVersion "1"]
[SourceVersionDate "2018.02.23"]
[SourceQuality "1"]

1. e4 e5 2. Nf3 Nc6 3. Bc4 Bc5 4. 0-0 Nf6 5. d4 Bxd4 6. Nxd4 Nxd4 7. f4 d6 8. fxe5 dxe5 9. Bg5 Be6 10. Bxe6 fxe6 11. c3 Nc6 12. Qb3 Qd7 13. Bxf6 gxf6 14. Rxf6 Qd1+ 15. Qxd1 1-0

[Event "Wch Rapid"]
[Site "Riadh"]
[Date "2017.12.28"]
[Round "15"]
[White "Al Abdali, Zeyad Saleh"]
[Black "Al Habeeb, Emad"]
[Result "0-1"]
[WhiteElo "1801"]
[BlackElo "1933"]
[PlyCount "71"]
[EventDate "2017.12.26"]
[EventType "swiss (rapid)"]
[EventRounds "15"]
[EventCountry "SAU"]
[SourceTitle "CBM 182 Extra"]
[Source "ChessBase"]
[SourceDate "2018.02.23"]
[SourceVersion "1"]
[SourceVersionDate "2018.02.23"]
[SourceQuality "1"]

1. d4 d6 2. c4 Nf6 3. Nf3 c6 4. Nc3 Qc7 5. Bg5 Nbd7 6. h3 e5 7. e3 Be7 8. Qc2 exd4 9. exd4 0-0 10. Bd3 Re8 11. 0-0-0 Nf8 12. g4 a6 13. Bf4 Qa5 14. g5 Nh5 15. Bd2 Qd8 16. Ne4 d5 17. Ng3 Nxg3 18. fxg3 dxc4 19. Bxc4 Be6 20. Rdf1 Bxc4 21. Qxc4 Ne6 22. h4 b5 23. Qb3 a5 24. Ne5 a4 25. Qf3 Rf8 26. Qg4 Qxd4 27. Bf4 a3 28. Qe2 axb2+ 29. Qxb2 Ba3 30. Rh2 Nxf4 31. gxf4 Bxb2+ 32. Rxb2 Ra3 33. Kb1 Re8 34. Nxc6 Qe4+ 35. Rc2 Rc3 36. Rfc1 0-1

[Event "Wch Rapid"]
[Site "Riadh"]
[Date "2017.12.27"]
[Round "7"]
[White "Al Abdali, Zeyad Saleh"]
[Black "El Adnani, Mokliss"]
[Result "0-1"]
[WhiteElo "1801"]
[BlackElo "2448"]
[PlyCount "80"]
[EventDate "2017.12.26"]
[EventType "swiss (rapid)"]
[EventRounds "15"]
[EventCountry "SAU"]
[SourceTitle "CBM 182 Extra"]
[Source "ChessBase"]
[SourceDate "2018.02.23"]
[SourceVersion "1"]
[SourceVersionDate "2018.02.23"]
[SourceQuality "1"]

1. d4 Nf6 2. Nf3 g6 3. Bg5 Bg7 4. e3 c5 5. Be2 Qb6 6. Nc3 Qxb2 7. Nb5 Qb4+ 8. Qd2 Qxd2+ 9. Nxd2 Na6 10. 0-0 0-0 11. c3 d6 12. Bf3 Bd7 13. Rab1 Bc6 14. e4 h6 15. Bh4 g5 16. Bg3 g4 17. Be2 Nxe4 18. Nxe4 Bxe4 19. Rbc1 Bc6 20. a4 f5 21. f3 h5 22. fxg4 hxg4 23. Rcd1 Be4 24. h3 gxh3 25. gxh3 cxd4 26. Nxd4 Nc5 27. a5 a6 28. Kh2 Kh8 29. Rg1 f4 30. Bf2 f3 31. Bf1 e5 32. Nxf3 Rxf3 33. Bxc5 dxc5 34. Rd7 Rf2+ 35. Kg3 Raf8 36. Bc4 R8f3+ 37. Kg4 Bf5+ 38. Kg5 Bxd7 39. h4 Rf5+ 40. Kg6 Be8+ 0-1

[Event "Wch Rapid"]
[Site "Riadh"]
[Date "2017.12.26"]
[Round "2"]
[White "Al Abdali, Zeyad Saleh"]
[Black "Ibrahimov, Rasul"]
[Result "0-1"]
[WhiteElo "1801"]
[BlackElo "2518"]
[PlyCount "74"]
[EventDate "2017.12.26"]
[EventType "swiss (rapid)"]
[EventRounds "15"]
[EventCountry "SAU"]
[SourceTitle "CBM 182 Extra"]
[Source "ChessBase"]
[SourceDate "2018.02.23"]
[SourceVersion "1"]
[SourceVersionDate "2018.02.23"]
[SourceQuality "1"]

1. d4 Nf6 2. Nf3 e6 3. Bg5 Be7 4. e3 b6 5. Bd3 Bb7 6. Qe2 h6 7. Bh4 c5 8. c3 g5 9. Bg3 g4 10. Ne5 h5 11. f3 d6 12. Nc4 h4 13. Bf2 h3 14. fxg4 hxg2 15. Rg1 Rxh2 16. g5 Ne4 17. g6 Nxf2 18. gxf7+ Kf8 19. Kd2 Nxd3 20. Qg4 Kxf7 21. Kxd3 Rh4 22. Qg3 b5 23. Nca3 Qh8 24. Nxb5 Nd7 25. Nxd6+ Bxd6 26. Qxd6 Qh7+ 27. Kd2 Nf6 28. Qc7+ Kg8 29. Qe5 Qf5 30. Qxf5 exf5 31. dxc5 Rd8+ 32. Kc2 Ng4 33. Na3 Nxe3+ 34. Kb3 f4 35. Rae1 Rh1 36. Rxh1 gxh1Q 37. Rxh1 Bxh1 0-1

[Event "Wch Rapid"]
[Site "Riadh"]
[Date "2017.12.26"]
[Round "4"]
[White "Bukannan, Ahmed A"]
[Black "Al Abdali, Zeyad Saleh"]
[Result "1-0"]
[WhiteElo "1929"]
[BlackElo "1801"]
[PlyCount "119"]
[EventDate "2017.12.26"]
[EventType "swiss (rapid)"]
[EventRounds "15"]
[EventCountry "SAU"]
[SourceTitle "CBM 182 Extra"]
[Source "ChessBase"]
[SourceDate "2018.02.23"]
[SourceVersion "1"]
[SourceVersionDate "2018.02.23"]
[SourceQuality "1"]

1. d4 Nf6 2. Nf3 c5 3. c3 b6 4. Bf4 d6 5. e3 e6 6. Nbd2 Be7 7. h3 Bb7 8. Be2 Nbd7 9. 0-0 0-0 10. Nc4 Nb8 11. a4 Nc6 12. dxc5 dxc5 13. Qc2 a6 14. Rfd1 Qe8 15. Nxb6 Rd8 16. Nc4 Rd5 17. Nd6 Qa8 18. Nxb7 Qxb7 19. Rxd5 Nxd5 20. Bg3 f5 21. Rb1 f4 22. exf4 Nxf4 23. Bxf4 Rxf4 24. Bd3 h6 25. Qe2 Qc8 26. Bxa6 Qc7 27. Qxe6+ Kh8 28. Bc4 Rf8 29. Rd1 Nd8 30. Qd7 Qxd7 31. Rxd7 Bf6 32. Bd5 Re8 33. Kf1 Kh7 34. a5 Ne6 35. a6 Nf4 36. Bc4 Ra8 37. a7 Bd8 38. Ne5 Bb6 39. h4 Bxa7 40. g3 Nh5 41. Bd3+ Kg8 42. Be4 Re8 43. Bd5+ Kh7 44. Ng4 Bb8 45. Bf7 Nf6 46. Nxf6+ gxf6 47. Bxe8+ Kg8 48. Rd5 Kf8 49. Rxc5 Bd6 50. Rd5 Be5 51. Bg6 Ke7 52. Bf5 Ke8 53. f4 Bc7 54. b4 Bb6 55. c4 Be3 56. b5 Ke7 57. Rd7+ Ke8 58. Rd5 Ke7 59. c5 Ke8 60. b6 1-0